Program zájmového útvaru košíkové.

Bibliographic Details
Main Author: Velenský, Emil, 1920- (Author)
Format: Book
Language:Undetermined
PhysicalDescription:45 s.
Published: Praha Státní pedagogické nakladatelství 1985

MARC

LEADER 00000nam a2200000 a 4500
001 vtls001356622
003 SK-MaSNL
005 20260416165155.0
008 240314s1985 xx 0 und
035 |a SNK000310107 
040 |a SNK  |b slo  |c SNK  |e AACR2 
100 1 |a Velenský, Emil,  |d 1920-  |4 aut  |9 5226 
245 1 0 |a Program zájmového útvaru košíkové. 
260 |a Praha  |b Státní pedagogické nakladatelství  |c 1985 
300 |a 45 s. 
958 |a OND 
999 |c 892802  |d 894732 
952 |t P60, <04>, [BOOK], {604}  |a SNK  |b SNK  |y VYP  |7 0  |p 17A0184785  |o snkID 82363 D1  |0 0  |1 1  |4 0  |d 1999-03-03  |l 0  |r 2005-01-02 00:00:00  |w 2026-02-24 
952 |t P60, <04>, [BOOK], {604}  |a SNK  |b SNK  |y VYP  |7 0  |p 17A0333550  |o snkID 82363  |0 0  |1 0  |4 0  |d 2002-02-16  |l 0  |r 2005-01-02 00:00:00  |w 2026-02-24